Представление документа в формате MARC21

Поле Инд. ПП Название Значение
Тип записи a
Библиографический уровень m
001 Контрольный номер 51d5b15f-19e8-414c-8b85-d137b29a3d5a
005 Дата корректировки 20140703145157.4
008 Кодируемые данные 060707
020 c Цена, тираж б/ц
041 a Код языка текста rus
080 a Индекс УДК 811.111'367(043.3)
084 a Индекс другой классификации/Индекс ББК Ш143.21-22я031
090 x Авторский знак С24
a Полочн. индекс Ш143.21
100 1_ a Автор Свашенко Наталия Алексеевна
245 10 a Заглавие Взаимодействие признака итеративности с другими синтаксико-семантическими признаками в современном английском языке
b Продолж. заглавия автореф. дис. ... канд. филол. наук : 10.02.04
c Ответственность Ин-т лингвист. исслед. Рос. акад. наук, Отд. теории грамматики
260 0_ a Место издания СПб.
b Издательство АкадемПринт
c Дата издания 1998
300 a Объем 25 с.
500 a Примечание На правах рукоп.
504 a Библиография Библиогр. в конце кн. и в подстроч. примеч.
583 a Действие Получение впервые 252 03.07.2006
650 a Основная рубрика Английский язык
x Основная подрубрика Синтаксис
653 a Ключевые слова Английский язык
a Ключевые слова Синтаксис английского языка
a Ключевые слова Авторефераты
852 t Порядковый номер экземпляра 1
p Инвентарный номер б/н
888 a Бесплатные
930 a Новая/Ретро авторефераты
952 p 252.2006 б/ц 1 б/н
c Вид литературы А/Р н
954 a Дата поступления на обработку 20060829
999 a Подразделение 2 ч.з.